History Quiz

Random History or Century Quiz
Score 0/25 Timer 04:00
0 Plays Today
% Correct
Morse Code
77.1%
Lightbulb
76.4%
Steam Locomotive
74.3%
Telephone
74.1%
Typewriter
73.5%
Sewing Machine
73%
Dynamite
71.1%
Pasteurization
70.6%
Revolver
69.9%
Coca Cola
69.7%
Stethoscope
69.1%
Bicycle
67.1%
Postage Stamp
65.2%
% Correct
Paper Clip
59.6%
Shredded Wheat (cereal)
58.8%
Electromagnet
55.2%
Vacuum Flask
51.8%
Lawn Mower
45.7%
Motorcycle
43.3%
Metal Detector
42%
Microphone
41.8%
Plastic
37.4%
Rayon
28.6%
Jukebox
26.1%
Fax Machine
21.8%
Remove Ads.
Support Sporcle.
Get the best of Sporcle when you Go Orange. This ad-free experience offers more features, more stats, and more fun while also helping to support Sporcle. Thank you for becoming a member.

You're not logged in!

Compare scores with friends on all Sporcle quizzes.
OR
Log In

Sporcle TV

Today on Sporcle TV


Watch our educational content, quiz creation guides, and fun videos on Sporcle TV.

Show Comments

Extras

Top Quizzes Today


Score Distribution

Paid Content

Your Account Isn't Verified!

In order to create a playlist on Sporcle, you need to verify the email address you used during registration. Go to your Sporcle Settings to finish the process.

Report this User

Report this user for behavior that violates our Community Guidelines.

Details: